000 00515nam a22001697a 4500
999 _c10016
_d10016
003 OSt
005 20190117130701.0
008 180725b ||||| |||| 00| 0 eng d
022 _a2094-8042
082 _aDPer 370.105 M72 Jan-Dec 2011
100 _929590
_aT. C. P
245 _aThe nymph's reply to the shepherd:
_bon valentine's day/
_cT.C.P.
260 _aPhilippines;
_bIn The Grade School, Inc.,
_cc2011.
300 _av59 n9, page 381;
_c27cm.
650 0 _929593
_aValentine's Day
_xPoetry.
942 _2ddc
_cPER